| 000 | 00355nam a22001217a 4500 | ||
|---|---|---|---|
| 999 |
_c822 _d822 |
||
| 005 | 20200818120227.0 | ||
| 008 | 200818b ||||| |||| 00| 0 eng d | ||
| 020 | _a071064918 | ||
| 040 | _cCML | ||
| 245 | _aThe Child's Conception of Movement and Speed. | ||
| 260 |
_aLondon _bRoutledge and Kegan Paul _c1970 |
||
| 942 |
_2ddc _cBK _h370.15 _mPIA |
||